| LEADER | 00515cam a2200145 7i4500 | ||
|---|---|---|---|
| 001 | 0000017369 | ||
| 005 | 20060502090000.0 | ||
| 020 | 0 | 0 | |a 967-70-0825-0 |
| 090 | 0 | 0 | |a T 382.7 |b MAL (M) |
| 245 | 0 | 4 | |a The Malaysian trade classification and customs duties order : |b all amendments up to 23 January 2006 (including 2006 budget amendments). |
| 260 | 0 | 0 | |a Kuala Lumpur: |b MDC Publishers, |c 2006. |
| 300 | # | # | |a [v.p]. |
| 650 | 0 | 0 | |a Tariff -- |z Malaysia |
| 651 | 0 | 0 | |a Malaysia |
| 999 | |a PNG000535B |b Book |c Tariffs |e MATRADE Northern Regional Office | ||


